[Event "AUTO-INT-3063"]
[Site "http://www.queenalice.com/game.php?id=1388649"]
[Date "2015.10.11"]
[Round "1"]
[White "Cuyo"]
[Black "Betim_Xadrez"]
[Result "1-0"]
[WhiteElo "1640"]
[BlackElo "1620"]

1. Nf3 d5 2. d4 Nf6 3. e3 e6 4. c4 Be7 5. Bd3 O-O 6. O-O Nc6 7. a3 a5 8. Nc3 Bd7
9. e4 dxe4 10. Nxe4 Nxe4 11. Bxe4 Bf6 12. Be3 Re8 13. Rc1 h6 14. Bb1 e5 15. d5
Na7 16. Qd2 e4 17. Nd4 c6 18. d6 c5 19. Ne2 1-0

[Event "AUTO-INT-3063"]
[Site "http://www.queenalice.com/game.php?id=1388650"]
[Date "2015.10.11"]
[Round "1"]
[White "Betim_Xadrez"]
[Black "Cuyo"]
[Result "0-1"]
[WhiteElo "1654"]
[BlackElo "1606"]

1. e4 d5 2. exd5 Qxd5 3. Nc3 Qa5 4. d4 c6 5. Nf3 Bf5 6. Bd3 Bg6 7. Bxg6 hxg6 8.
O-O Nd7 9. Bd2 Qb6 10. d5 O-O-O 11. dxc6 bxc6 12. b3 e5 13. Bg5 f6 14. Be3 Qc7
15. a4 Bb4 16. Qd3 Nc5 17. Qc4 Bxc3 18. Qxc3 e4 19. g3 exf3 0-1

[Event "AUTO-INT-3063"]
[Site "http://www.queenalice.com/game.php?id=1388665"]
[Date "2015.10.11"]
[Round "1"]
[White "Betim_Xadrez"]
[Black "piemme"]
[Result "0-1"]
[WhiteElo "1844"]
[BlackElo "1582"]

1. e4 e5 2. Nf3 d6 3. d4 exd4 4. Nxd4 c5 5. Nb3 b6 6. Bb5+ Nd7 7. Bf4 a6 8. Be2
Ndf6 9. N1d2 Nd7 10. O-O Bb7 11. Re1 Ngf6 12. Bd3 b5 13. c4 b4 14. Nf3 Qe7 15.
Bg5 h6 16. e5 dxe5 17. Bf4 Bxf3 18. Qxf3 Qd6 19. Qxa8+ Ke7 20. Qa7 g5 21. Rxe5+
Kd8 22. Re8+ Nxe8 23. Bxd6 Bxd6 24. Qxa6 Be5 25. Bf5 Ke7 26. Bxd7 Kxd7 27. Rd1+
Ke7 28. Nxc5 Bd6 29. Re1+ Kf8 30. Rxe8+ Kg7 31. Rxh8 Kxh8 0-1

[Event "AUTO-INT-3063"]
[Site "http://www.queenalice.com/game.php?id=1388666"]
[Date "2015.10.11"]
[Round "1"]
[White "piemme"]
[Black "Betim_Xadrez"]
[Result "1-0"]
[WhiteElo "1617"]
[BlackElo "1553"]

1. e4 e5 2. Qh5 Nc6 3. Bb5 Nf6 4. Qe2 Nd4 5. Qd3 Nxb5 6. Qxb5 Bd6 7. Qe2 O-O 8.
d3 b6 9. Nf3 Bb7 10. Bg5 h6 11. Bd2 Re8 12. O-O Rb8 13. Nc3 c6 14. Qd1 Bc7 15.
Nb1 d5 16. exd5 cxd5 17. Re1 Qd6 18. a3 e4 19. Bb4 Qf4 20. g3 Qxf3 21. Qxf3 exf3
22. Nd2 a5 23. Bc3 Rbd8 24. Nxf3 d4 25. Rxe8+ Rxe8 26. Bxd4 Bxf3 27. c4 Rd8 28.
Be3 Rxd3 29. h4 Ng4 30. Re1 Nxe3 31. fxe3 Bxg3 32. Rf1 Rxe3 33. h5 Bxh5 34. b4
1-0

[Event "AUTO-INT-3063"]
[Site "http://www.queenalice.com/game.php?id=1388667"]
[Date "2015.10.11"]
[Round "1"]
[White "Betim_Xadrez"]
[Black "leking"]
[Result "1-0"]
[WhiteElo "1744"]
[BlackElo "1664"]

1. e4 e5 2. Nf3 Nc6 3. Bb5 Nge7 4. Nc3 a6 5. Ba4 d6 6. O-O Be6 7. d4 exd4 8.
Nxd4 b5 9. Nxe6 fxe6 10. Bb3 Qc8 11. Qh5+ g6 12. Qf3 Ne5 13. Qf6 Rg8 14. Bxe6
Nd7 15. Qf7+ Kd8 16. Bg5 Rg7 17. Bxe7+ Bxe7 18. Qxg7 c6 19. Qg8+ Kc7 20. Qxc8+
Rxc8 21. Bxd7 Kxd7 22. Rad1 Kc7 23. f4 Kb8 24. e5 d5 25. Ne2 Rd8 26. Ng3 Kb7 27.
f5 gxf5 28. Nxf5 Bf8 29. e6 Re8 30. Rfe1 Kc7 31. e7 1-0

[Event "AUTO-INT-3063"]
[Site "http://www.queenalice.com/game.php?id=1388668"]
[Date "2015.10.11"]
[Round "1"]
[White "leking"]
[Black "Betim_Xadrez"]
[Result "0-1"]
[WhiteElo "1593"]
[BlackElo "1777"]

1. e4 e5 2. Nf3 Nc6 3. d4 exd4 4. Nxd4 Bc5 5. Nxc6 Qf6 6. Qd2 Qxc6 7. Nc3 a6 8.
Be2 d6 9. Nd5 Be6 10. b4 Ba7 11. Bb2 f6 12. O-O O-O-O 13. Rac1 Bxd5 14. exd5 Qd7
15. c4 Ne7 16. Bd1 Kb8 17. c5 dxc5 18. Bf3 Nxd5 19. Rcd1 c6 20. Rfe1 cxb4 21.
Bxd5 cxd5 22. Bd4 Bxd4 23. Qxd4 Qd6 24. Re2 Rhe8 25. Red2 a5 26. g3 Re5 27. f4
Re4 28. Qf2 d4 29. Kf1 b5 30. Qf3 Qd5 31. Re2 Rde8 32. Rxe4 Rxe4 33. Qd3 Qc4 34.
Kf2 Qxd3 35. Rxd3 a4 36. Kf3 f5 37. g4 Re3+ 38. Rxe3 dxe3 39. Kxe3 Kc7 40. g5
Kd6 41. Kd4 a3 42. h4 b3 0-1

[Event "AUTO-OPEN-3556"]
[Site "http://www.queenalice.com/game.php?id=1388995"]
[Date "2015.10.13"]
[Round "1"]
[White "NickThorp"]
[Black "Betim_Xadrez"]
[Result "1-0"]
[WhiteElo "1700"]
[BlackElo "1712"]

1. e4 e5 2. Nf3 Nc6 3. Bb5 a6 4. Bxc6 dxc6 5. Nxe5 Nf6 6. Nc3 Bb4 7. O-O O-O 8.
a3 Bd6 9. Nf3 Re8 10. d3 Bg4 11. h3 Bh5 12. Bg5 h6 13. Bh4 Qd7 14. Bxf6 gxf6 15.
Qe2 Kh7 16. Qe3 f5 17. e5 Bxf3 18. Qxf3 Bxe5 19. Rfe1 Re7 20. Re3 Rg8 21. Rae1
f6 22. Qh5 Reg7 23. g3 f4 24. Rf3 fxg3 25. fxg3 Bxg3 26. Re4 Be1+ 27. Rg4 Rxg4+
28. hxg4 1-0

[Event "AUTO-OPEN-3556"]
[Site "http://www.queenalice.com/game.php?id=1388996"]
[Date "2015.10.13"]
[Round "1"]
[White "Betim_Xadrez"]
[Black "NickThorp"]
[Result "0-1"]
[WhiteElo "1696"]
[BlackElo "1716"]

1. e4 e5 2. Nf3 Nc6 3. Bb5 a6 4. Ba4 b5 5. Bb3 Bb4 6. O-O Nf6 7. Re1 O-O 8. c3
Ba5 9. d3 d6 10. Bg5 h6 11. Bh4 Bg4 12. h3 Bh5 13. Nbd2 Bb6 14. a3 a5 15. Nf1 a4
16. Bc2 Ba5 17. Ng3 Bxf3 18. Qxf3 g5 19. Nh5 Nxh5 20. Qxh5 gxh4 21. Qxh6 Qe7 22.
Rf1 f5 23. Qg6+ Qg7 24. Qxg7+ Kxg7 25. g3 hxg3 26. fxg3 fxe4 27. dxe4 Rxf1+ 28.
Rxf1 Rf8 0-1

[Event "AUTO-OPEN-3556"]
[Site "http://www.queenalice.com/game.php?id=1389021"]
[Date "2015.10.13"]
[Round "1"]
[White "reycas"]
[Black "Betim_Xadrez"]
[Result "1-0"]
[WhiteElo "2197"]
[BlackElo "1751"]

1. e4 e5 2. f4 d6 3. Bc4 Nf6 4. d3 Be7 5. f5 O-O 6. g4 d5 7. exd5 Nxd5 8. Qf3
Nb6 9. Bb3 Bh4+ 10. Kf1 Nc6 11. c3 Kh8 12. Nd2 Nd7 13. Ne4 g6 14. Nh3 h6 15.
Bxh6 1-0

[Event "AUTO-OPEN-3556"]
[Site "http://www.queenalice.com/game.php?id=1389022"]
[Date "2015.10.13"]
[Round "1"]
[White "Betim_Xadrez"]
[Black "reycas"]
[Result "0-1"]
[WhiteElo "1746"]
[BlackElo "2212"]

1. e4 Nf6 2. e5 Nd5 3. d4 d6 4. Nf3 g6 5. Bc4 c6 6. O-O Bg7 7. Nc3 Nxc3 8. bxc3
O-O 9. Bg5 h6 10. Bh4 Bg4 11. exd6 Qxd6 12. h3 Bxf3 13. Qxf3 Nd7 14. Rfe1 e6 15.
Rad1 Nb6 16. Bd3 Nd5 17. Bc4 Qa3 18. Rd3 a5 19. Rb1 b5 20. Bxd5 exd5 21. Ra1 Qb2
22. Qd1 Rfe8 23. Kf1 Re4 24. Bg3 Rae8 25. Re3 Rxe3 26. fxe3 Rxe3 27. Be1 Qa3 28.
Qc1 Qe7 29. Qd2 f5 30. Bf2 Re4 31. Re1 Rxe1+ 32. Qxe1 Kf7 33. Qxe7+ Kxe7 34. Ke2
g5 35. Kf3 Kd6 36. g4 f4 37. h4 Bf6 38. h5 b4 39. cxb4 axb4 40. Ke2 Kc7 41. Kd3
Kb6 42. c4 Ka5 43. cxd5 cxd5 0-1

[Event "AUTO-INT-3064"]
[Site "http://www.queenalice.com/game.php?id=1389062"]
[Date "2015.10.13"]
[Round "1"]
[White "Betim_Xadrez"]
[Black "tango2011"]
[Result "1-0"]
[WhiteElo "1783"]
[BlackElo "1621"]

1. e4 c5 2. Nf3 d6 3. d4 Qa5+ 4. Nc3 Nf6 5. Bd2 Qc7 6. Bb5+ Bd7 7. Bxd7+ Nbxd7
8. O-O e6 9. dxc5 Nxc5 10. Bg5 Be7 11. Re1 h6 12. Bh4 O-O 13. a3 Rfe8 14. b4
Ncd7 15. Nb5 Qb6 16. a4 Nh7 17. Bxe7 Rxe7 18. Qxd6 Qd8 19. Rad1 a6 20. Nc3 Rc8
21. Rd3 Rc6 22. Qd4 Qb6 23. Red1 Qxd4 24. Rxd4 Nb6 25. R1d3 Nc4 26. Rd8+ Nf8 27.
Nd4 Nb2 28. Nxc6 bxc6 29. R3d6 Rc7 30. Ra8 Nc4 31. Rdd8 1-0

[Event "AUTO-INT-3064"]
[Site "http://www.queenalice.com/game.php?id=1389063"]
[Date "2015.10.13"]
[Round "1"]
[White "tango2011"]
[Black "Betim_Xadrez"]
[Result "1-0"]
[WhiteElo "1499"]
[BlackElo "1744"]

1. d4 Nf6 2. e3 g6 3. Nf3 Bg7 4. b3 O-O 5. Bd3 d5 6. O-O Bg4 7. h3 Be6 8. Ba3
Nc6 9. Nbd2 a6 10. c4 b6 11. c5 bxc5 12. dxc5 a5 13. Bb5 Na7 14. Qe2 Ne4 15.
Rac1 Nc3 16. Qd3 Naxb5 17. Rxc3 Bxc3 18. Qxb5 Rb8 19. Qd3 Bg7 20. Qa6 Bc3 21.
Qd3 Bb4 22. Bxb4 axb4 23. Qd4 Ra8 24. Ra1 f6 25. Qd3 Bf7 26. Nd4 Qd7 27. c6 Qc8
28. Nb5 Rd8 29. Qd4 e5 30. Qc5 Be8 31. Qxb4 Bxc6 32. a4 Qb8 33. Qe7 Bxb5 34.
Qxf6 c5 35. Qe6+ Kg7 36. Qe7+ Kh6 37. Qh4+ Kg7 38. Nf3 Qd6 39. Qg3 Qf6 40. Nxe5
Re8 41. f4 c4 42. Ra3 1-0

[Event "AUTO-INT-3064"]
[Site "http://www.queenalice.com/game.php?id=1389064"]
[Date "2015.10.13"]
[Round "1"]
[White "Betim_Xadrez"]
[Black "Cuyo"]
[Result "0-1"]
[WhiteElo "1673"]
[BlackElo "1587"]

1. e4 d5 2. exd5 Qxd5 3. Nc3 Qa5 4. Nf3 c6 5. d4 Bg4 6. Bf4 Nd7 7. Be2 Ngf6 8.
O-O O-O-O 9. h3 Bh5 10. Re1 Nd5 11. Nxd5 Qxd5 12. c4 Qa5 13. Ng5 Bg6 14. Bd3 h6
15. Bxg6 hxg5 16. Bd2 Qc7 17. Bxf7 Nb6 18. Qg4+ Kb8 19. c5 Nc8 0-1

[Event "AUTO-INT-3064"]
[Site "http://www.queenalice.com/game.php?id=1389065"]
[Date "2015.10.13"]
[Round "1"]
[White "Cuyo"]
[Black "Betim_Xadrez"]
[Result "1-0"]
[WhiteElo "1624"]
[BlackElo "1636"]

1. b4 e5 2. Bb2 f6 3. b5 d5 4. d3 Bc5 5. e3 Bf5 6. Nf3 c6 7. a4 Ne7 8. Be2 cxb5
9. axb5 O-O 10. O-O Ng6 11. h3 a6 12. Nh2 Nd7 13. e4 dxe4 14. g4 Be6 15. dxe4
Nf4 16. h4 Nh3+ 17. Kg2 Nf4+ 18. Kg1 Qb6 19. Qe1 1-0